header

Mrs. Piggle-Wiggle's magic; (Record no. 266115)

MARC details
000 -LEADER
fixed length control field 00305cam a22001211 4500
020 ## - INTERNATIONAL STANDARD BOOK NUMBER
ISBN 9780064401487
100 1# - MAIN ENTRY--AUTHOR NAME
Personal name MacDonald, Betty Bard.
245 10 - TITLE STATEMENT
Title Mrs. Piggle-Wiggle's magic;
250 ## - EDITION STATEMENT
Edition statement [1st ed.]
260 ## - PUBLICATION, DISTRIBUTION, ETC. (IMPRINT)
Place of publication Philadelphia,
Name of publisher J.B. Lippincott Co.
Year of publication [1949]
300 ## - PHYSICAL DESCRIPTION
Number of Pages 126 p.
Other physical details illus.
942 ## - ADDED ENTRY ELEMENTS (KOHA)
Koha item type Long Loan Books
Holdings
Withdrawn status Lost status Collection code Home library Current library Shelving location Date acquired Accession Number Koha item type
    Fiction Rongo University Library Rongo University Library Children's Area 31/03/2026 CL20250233 Long Loan Books

© 2026 Rongo University
Contact us: librarian | system librarian | Rongo university